Welcome to WEB OPAC of MRSPTU Central Library

Quantitative techniques (Record no. 5546)

MARC details
000 -LEADER
fixed length control field 00418nam a2200169Ia 4500
008 - FIXED-LENGTH DATA ELEMENTS--GENERAL INFORMATION
fixed length control field 230711s9999||||xx |||||||||||||| ||und||
020 ## - INTERNATIONAL STANDARD BOOK NUMBER
International Standard Book Number 978-93-272-2477-1
041 ## - LANGUAGE CODE
Language code of text/sound track or separate title ENG
082 ## - DEWEY DECIMAL CLASSIFICATION NUMBER
Classification number 658
Item number AG-Q
100 ## - MAIN ENTRY--PERSONAL NAME
Personal name Aggarwal,S.L
245 #0 - TITLE STATEMENT
Title Quantitative techniques
250 ## - EDITION STATEMENT
Edition statement 1st Ed.
260 ## - PUBLICATION, DISTRIBUTION, ETC.
Date of publication, distribution, etc. 2012
Place of publication, distribution, etc. New Delhi
Name of publisher, distributor, etc. Kalyani Publishers House
300 ## - PHYSICAL DESCRIPTION
Extent 855
650 ## - SUBJECT ADDED ENTRY--TOPICAL TERM
Topical term or geographic name entry element UNIVESITY BUSNIESS SCHOOL
942 ## - ADDED ENTRY ELEMENTS (KOHA)
Koha item type Book
Holdings
Withdrawn status Lost status Damaged status Not for loan Collection Home library Current library Date acquired Total checkouts Full call number Barcode Date last seen Price effective from Koha item type Date due Date last checked out
          MRSPTU Central Library MRSPTU Central Library     658 AG-Q 24650 08/17/2023 08/17/2023 Book    
          MRSPTU Central Library MRSPTU Central Library     658 AG-Q 24651 08/17/2023 08/17/2023 Book    
          MRSPTU Central Library MRSPTU Central Library     658 AG-Q 24652 08/17/2023 08/17/2023 Book    
          MRSPTU Central Library MRSPTU Central Library     658 AG-Q 24653 08/17/2023 08/17/2023 Book    
          MRSPTU Central Library MRSPTU Central Library     658 AG-Q 24654 08/17/2023 08/17/2023 Book    
          MRSPTU Central Library MRSPTU Central Library     658 AG-Q 24655 08/17/2023 08/17/2023 Book    
          MRSPTU Central Library MRSPTU Central Library     658 AG-Q 24656 08/17/2023 08/17/2023 Book    
          MRSPTU Central Library MRSPTU Central Library     658 AG-Q 24657 08/17/2023 08/17/2023 Book    
          MRSPTU Central Library MRSPTU Central Library     658 AG-Q 24658 08/17/2023 08/17/2023 Book    
          MRSPTU Central Library MRSPTU Central Library     658 AG-Q 24659 08/17/2023 08/17/2023 Book    
          MRSPTU Central Library MRSPTU Central Library     658 AG-Q 24660 08/17/2023 08/17/2023 Book    
          MRSPTU Central Library MRSPTU Central Library     658 AG-Q 24661 08/17/2023 08/17/2023 Book    
          MRSPTU Central Library MRSPTU Central Library     658 AG-Q 24662 08/17/2023 08/17/2023 Book    
          MRSPTU Central Library MRSPTU Central Library     658 AG-Q 24663 08/17/2023 08/17/2023 Book    
          MRSPTU Central Library MRSPTU Central Library   1 658 AG-Q 24664 11/18/2025 08/17/2023 Book 12/10/2025 11/18/2025
          MRSPTU Central Library MRSPTU Central Library     658 AG-Q 24665 08/17/2023 08/17/2023 Book    
          MRSPTU Central Library MRSPTU Central Library     658 AG-Q 24666 08/17/2023 08/17/2023 Book    
          MRSPTU Central Library MRSPTU Central Library     658 AG-Q 24667 08/17/2023 08/17/2023 Book    
          MRSPTU Central Library MRSPTU Central Library     658 AG-Q 24668 08/17/2023 08/17/2023 Book    
          MRSPTU Central Library MRSPTU Central Library     658 AG-Q 24669 08/17/2023 08/17/2023 Book    

Website Designed and Developed by MRSPTU Central Library Team

E-mail Id: librarian@mrsptu.ac.in